Statystyki dla Liderzy największych polskich partii

Kliknij tutaj aby rozwiązać quiz!

Ogólne statystyki

  • Ten quiz został rozwiązany 771 razy
  • Średni wynik to 9 z 22

Statystyki odpowiedzi

Nazwa partiiLider% Poprawnych
Prawo i SprawiedliwośćJarosław Kaczyński
99%
KORWiNJanusz Korwin-Mikke
94%
Kukiz'15Paweł Kukiz
93%
WiosnaRobert Biedroń
86%
Platforma ObywatelskaGrzegorz Schetyna
84%
Polskie Stronnictwo LudoweWładysław Kosiniak-Kamysz
58%
Teraz!Ryszard Petru
54%
Solidarna PolskaZbigniew Ziobro
43%
Partia RazemAdrian Zandberg
42%
PorozumienieJarosław Gowin
41%
Sojusz Lewicy DemokratycznejWłodzimierz Czarzasty
39%
NowoczesnaKatarzyna Lubnauer
38%
Ruch NarodowyRobert Winnicki
27%
Ruch 11 ListopadaMarian Kowalski
15%
Federacja Dla RzeczypospolitejMarek Jakubiak
14%
Polska Fair PlayRobert Gwiazdowski
13%
Kongres Nowej PrawicyStanisław Żółtek
8%
Unia PracyWaldemar Witkowski
4%
Partia ZieloniMarek Kossakowski
3%
Polska Partia SocjalistycznaWojciech Konieczny
3%
Prawica RzeczypospolitejKrzysztof Kawęcki
1%
Twój RuchMarzenna Karkoszka
1%

Rozkład punktacji

Percentyl według liczby udzielonych odpowiedzi

Procent ludzi z każdym wynikiem

Twoja historia wyników

Nie rozwiązałeś tego quizu